Statistics for Random Subdivision by Biggest Cities

Click here to take the quiz!

General Stats

  • This quiz has been taken 106 times
  • The average score is 13 of 30

Answer Stats

Top 3 CitiesSubdivision% Correct
Medellín, Bello, ItagüíAntioquia
100%
Bilbao, Vitoria-Gasteiz, San SebastiánBasque
100%
Munich, Nuremberg, AugsburgBavaria
100%
Vancouver, Victoria, KelownaBritish Columbia
100%
Tuxtla Gutiérrez, Tapachula, San CristóbalChiapas
100%
Port Elizabeth, East London, UitenhageEastern Cape
100%
Sarajevo, Tuzla, ZenicaFederation of Bosnia and
Herzegovina
100%
Vigo, A Coruña, OurenseGalicia
100%
Hanover, Brunswick, OldenburgLower Saxony
100%
Portland, Lewiston, BangorMaine
100%
Ancona, Pesaro, FanoMarche
100%
Fort-de-France, Le Lamentin, Le RobertMartinique
100%
Detroit, Grand Rapids, WarrenMichigan
100%
Nouméa, Le Mont-Dore, DumbéaNew Caledonia
100%
Curitiba, Londrina, MaringáParaná
100%
Nantes, Angers, Le MansPays de la Loire
100%
Philadelphia, Pittsburgh, AllentownPennsylvania
100%
Querétaro, San Juan del Río, El PueblitoQuerétaro
100%
Porto Alegre, Caxias do Sul, CanoasRio Grande do Sul
100%
Culiacán, Mazatlán, Los MochisSinaloa
100%
Mekelle, Adigrat, Inda SilaseTigray
100%
Tiraspol, Tighina, RîbnițaTransnistria
100%
Lucknow, Kanpur, GhaziabadUttar Pradesh
100%
Veracruz, Xalapa, CoatzacoalcosVeracruz
100%
Bandung, Bekasi, DepokWest Java
50%
Aarau, Wettingen, BadenAargau
0%
Aba, Umuahia, AmaigboAbia
0%
Sukhumi, Tkvarcheli, OchamchireAbkhazia
0%
Pescara, L'Aquila, TeramoAbruzzo
0%
Rio Branco, Cruzeiro do Sul, Sena MadureiraAcre
0%
Batumi, Kobuleti, ChakviAdjara
0%
Nagoya, Toyota, OkazakiAichi
0%
Huntsville, Birmingham, MontgomeryAlabama
0%
Maceió, Arapiraca, Rio LargoAlagoas
0%
Anchorage, Fairbanks, JuneauAlaska
0%
Calgary, Edmonton, Red DeerAlberta
0%
Karaj, Fardis, Kamal ShahrAlborz
0%
Barnaul, Biysk, RubtsovskAltai
0%
Ciudad del Este, Hernandarias, Minga GuazúAlto Paraná
0%
Macapá, Santana, Laranjal do JariAmapá
0%
Manaus, Parintins, ManacapuruAmazonas
0%
Pago Pago, Tāfuna, LeoneAmerican Samoa
0%
Gondar, Bahir Dar, DessieAmhara
0%
Antananarivo, Ankazobe, AnjorozobeAnalamanga
0%
Sevilla, Málaga, CórdobaAndalusia
0%
Port Blair, Garacharma, ProthrapurAndaman and Nicobar Islands
0%
Visakhapatnam, Vijayawada, GunturAndhra Pradesh
0%
The Valley, Blowing Point, Sandy GroundAnguilla
0%
Hefei, Wuhu, HuainanAnhui
0%
Antalya, Alanya, ManavgatAntalya
0%
Aosta, Sarre, ChâtillonAosta Valley
0%
Bari, Taranto, FoggiaApulia
0%
Zaragoza, Huesca, TeruelAragón
0%
Pitești, Mioveni, CâmpulungArgeș
0%
La Soukra, Raoued, ArianaAriana
0%
Phoenix, Tucson, MesaArizona
0%
Little Rock, Fayetteville, Fort SmithArkansas
0%
Oranjestad, Tanki Leendert, San NicolasAruba
0%
Kumasi, Obuasi, MampongAshanti
0%
Kiffa, Guerou, KankossaAssaba
0%
Guwahati, Silchar, DibrugarhAssam
0%
Gijón, Oviedo, AvilésAsturias
0%
Barranquilla, Soledad, MalamboAtlántico
0%
Athens, Piraeus, PeristeriAttica
0%
Lyon, Saint-Étienne, GrenobleAuvergne-Rhône-Alpes
0%
Ponta Delgada, Angra do Heroísmo, Rabo de PeixeAzores
0%
Kecskemét, Baja, KiskunfélegyházaBács-Kiskun
0%
Stuttgart, Mannheim, KarlsruheBaden-Württemberg
0%
Kathmandu, Bharatpur, LalitpurBagmati
0%
Salvador, Feira de Santana, Vitória de ConquistaBahia
0%
Tijuana, Mexicali, EnsenadaBaja California
0%
La Paz, Cabo San Lucas, San José del CaboBaja California Sur
0%
Palma de Mallorca, Calvià, IbizaBalearic Islands
0%
Denpasar, Kuta, UbudBali
0%
Mazar-i-Sharif, Khulm, BalkhBalkh
0%
Tangerang, South Tangerang, SerangBanten
0%
Pécs, Komló, MohácsBaranya
0%
Ufa, Sterlitamak, SalavatBashkortostan
0%
Potenza, Matera, PolicoroBasilicata
0%
Tauranga, Rotorua, WhakatāneBay of Plenty
0%
Patna, Gaya, BhagalpurBihar
0%
Concepción, Talcahuano, Los ÁngelesBiobío
0%
Cartagena, Turbaco, MaganguéBolívar
0%
Maiduguri, Bama, BiuBorno
0%
Miskolc, Ózd, KazincbarcikaBorsod-Abaúj-Zemplén
0%
Buka, Arawa, WakunaiBougainville
0%
Dijon, Besançon, BelfortBourgogne-Franche-Comté
0%
Potsdam, Cottbus, Brandenburg an der HavelBrandenburg
0%
Rennes, Brest, QuimperBrittany
0%
San Justo, La Plata, Lomas de ZamoraBuenos Aires
0%
Reggio di Calabria, Catanzaro, Corigliano-RossanoCalabria
0%
Los Angeles, San Diego, San JoseCalifornia
0%
Naples, Salerno, GiuglianoCampania
0%
Campeche, Ciudad del Carmen, ChampotónCampeche
0%
Las Palmas, Santa Cruz de Tenerife, La LagunaCanary Islands
0%
Santander, Torrelavega, Castro UrdialesCantabria
0%
Christchurch, Timaru, RollestonCanterbury
0%
Valencia, Guacara, Puerto CabelloCarabobo
0%
Klagenfurt, Villach, WolfsbergCarinthia
0%
Albacete, Guadalajara, ToledoCastilla-La Mancha
0%
Valladolid, Burgos, SalamancaCastille and León
0%
Barcelona, L'Hospitalet de Llobregat, TerrassaCatalonia
0%
George Town, West Bay, Bodden TownCayman Islands
0%
Belmopan, San Ignacio, Benque Viejo del CarmenCayo
0%
Fortaleza, Caucaia, Juazeiro do NorteCeará
0%
Lilongwe, Kasungu, SalimaCentral
0%
Yaoundé, Mbalmayo, BafiaCentral
0%
Rishon LeZion, Petah Tikva, NetanyaCentral
0%
Kandy, Gampola, MataleCentral
0%
Semarang, Surakarta, PekalonganCentral Java
0%
Ouagadougou, Saaba, KomsilgaCentre
0%
Tours, Orléans, BourgesCentre-Val de Loire
0%
Grozny, Urus-Martan, GudermesChechnya
0%
Raipur, Bhilai, KorbaChhattisgarh
0%
Ciudad Juárez, Chihuahua, ChimalhuacánChihuahua
0%
Sucre, Monteagudo, CamargoChuquisaca
0%
Cheboksary, Novocheboksarsk, KanashChuvashia
0%
Cluj-Napoca, Turda, DejCluj
0%
Saltillo, Torreón, MonclovaCoahuila
0%
Manzanillo, Villa de Álvarez, ColimaColima
0%
Denver, Colorado Springs, AuroraColorado
0%
Bridgeport, Stamford, New HavenConnecticut
0%
Avarua, Arorangi, TitikavekaCook Islands
0%
Kitwe, Ndola, ChingolaCopperbelt
0%
Ajaccio, Bastia, Porto-VecchioCorsica
0%
Heraklion, Chania, RethymnoCrete
0%
Simferopol, Kerch, YevpatoriaCrimea
0%
Szeged, Hódmezővásárhely, SzentesCsongrád
0%
Willemstad, Sint Michel Liber, BarberCuraçao
0%
Makhachkala, Khasavyurt, KaspiyskDagestan
0%
Mansoura, El Matareya, Mit GhamrDakahlia
0%
Wilmington, Dover, NewarkDelaware
0%
Nasiriyah, Al-Shatrah, Souq al-ShuyukhDhi Qar
0%
Touba, Diourbel, MbackéDiourbel
0%
Craiova, Băilești, CalafatDolj
0%
Durango, Gómez Palacio, LerdoDurango
0%
Tabriz, Maragheh, MarandEast Azerbaijan
0%
Dammam, Hofuf, JubailEastern Province
0%
Surabaya, Malang, KediriEast Java
0%
Oskemen, Semey, RidderEast Kazakhstan
0%
Benin City, Uromi, AuchiEdo
0%
Bologna, Parma, ModenaEmilia-Romagna
0%
London, Birmingham, LiverpoolEngland
0%
Serra, Vila Velha, CariacicaEspírito Santo
0%
Libreville, Owendo, NtoumEstuaire
0%
Badajos, Cáceres, MéridaExtremadura
0%
Tórshavn, Klaksvík, HoyvíkFaroe Islands
0%
Shiraz, Marvdasht, JahromFars
0%
Antwerp, Ghent, BrugesFlanders
0%
Almere, Lelystad, DrontenFlevoland
0%
Jacksonville, Miami, TampaFlorida
0%
Tegucigalpa, Guaimaca, TalangaFrancisco Morazán
0%
Bloemfontein, Welkom, BotshabeloFree State
0%
Cayenne, Matoury, Saint-Laurent-du-MaroniFrench Guiana
0%
Faa'a, Papeete, PunaauiaFrench Polynesia
0%
Trieste, Udine, PordenoneFriuli-Venezia Giulia
0%
Xiamen, Fuzhou, PutianFujian
0%
Lanzhou, Tianshui, WuweiGansu
0%
Johannesburg, Pretoria, SoshanguveGauteng
0%
Nijmegen, Apeldoorn, ArnhemGelderland
0%
Atlanta, Columbus, AugustaGeorgia
0%
Goiânia, Aparecida de Goiânia, AnápolisGoiás
0%
Victoria, Xagħra, NadurGozo
0%
Strasbourg, Reims, MetzGrand Est
0%
Accra, Ashaiman, TemaGreater Accra
0%
Poznań, Kalisz, KoninGreater Poland
0%
Nuuk, Sisimiut, IlulissatGreenland
0%
Chur, Davos, LandquartGrisons
0%
Les Abymes, Baie-Mahault, Le GosierGuadeloupe
0%
Dededo, Yigo, TamuningGuam
0%
León, Irapuato, CelayaGuanajuato
0%
Shenzhen, Guangzhou, DongguanGuangdong
0%
Nanning, Liuzhou, GuilinGuangxi
0%
Guayaquil, Durán, MilagroGuayas
0%
Acapulco, Chilpancingo, IgualaGuerrero
0%
Guiyang, Zunyi, BijieGuizhou
0%
Ahmedabad, Surat, VadodaraGujarat
0%
Suwon, Yongin, GoyangGyeonggi
0%
Haikou, Sanya, DanzhouHainan
0%
Debrecen, Hajdúböszörmény, HajdúszoboszlóHajdú-Bihar
0%
Tallinn, Maardu, KeilaHarju
0%
Faridabad, Gurgaon, RohtakHaryana
0%
Lubumbashi, Likasi, KipushiHaut-Katanga
0%
Lille, Amiens, RoubaixHauts-de-France
0%
Honolulu, East Honolulu, Pearl CityHawaii
0%
Shijiazhuang, Tangshan, HandanHebei
0%
Harbin, Daqing, QiqiharHeilongjiang
0%
Zhengzhou, Luoyang, NanyangHenan
0%
Frankfurt, Wiesbaden, KasselHesse
0%
Pachuca, Tulancingo, TizayucaHidalgo
0%
Shimla, Solan, DharmsalaHimachal Pradesh
0%
Sapporo, Asahikawa, HakodateHokkaido
0%
Wuhan, Xiangyang, YichangHubei
0%
Lubango, Matala, CaluquembeHuíla
0%
Changsha, Zhuzhou, HengyangHunan
0%
Kobe, Himeji, NishinomiyaHyogo
0%
Boise, Meridian, NampaIdaho
0%
Narva, Kohtla-Järve, SillamäeIda-Viru
0%
Paris, Boulogne-Billancourt, Saint-DenisÎle-de-France
0%
Chicago, Aurora, JolietIllinois
0%
Indianapolis, Fort Wayne, EvansvilleIndiana
0%
Hohhot, Baotau, UlanhadInner Mongolia
0%
Des Moines, Cedar Rapids, DavenportIowa
0%
Douglas, Onchan, RamseyIsle of Man
0%
Pula, Rovinj, PazinIstria
0%
Guadalajara, Zapopan, TlaquepaqueJalisco
0%
Srinagar, Jammu, AnantnagJammu and Kashmir
0%
Jeju, Seogwipo, AewolJeju
0%
Ranchi, Dhanbad, JamshedpurJharkhand
0%
Nanjing, Suzhou, WuxiJiangsu
0%
Nanchang, Ganzhou, ShangraoJiangxi
0%
Changchun, Jilin, YanjiJilin
0%
Petropavlovsk-Kamchatsky, Yelizovo, VilyuchinskKamchatka
0%
Yokohama, Kawasaki, SagamiharaKanagawa
0%
Wichita, Overland Park, Kansas CityKansas
0%
Nukus, Xo'jayli, BeruniyKarakalpakstan
0%
Petrozavodsk, Kostomuksha, KondopogaKarelia
0%
Bangalore, Hubli-Dharwad, MysoreKarnataka
0%
Mbuji-Mayi, Tshilenge, Bakwa-KalonjiKasaï-Oriental
0%
Louisville, Lexington, Bowling GreenKentucky
0%
Thiruvananthapuram, Kochi, KozhikodeKerala
0%
Omdurman, Khartoum, Khartoum NorthKhartoum
0%
Ahvaz, Dezful, AbadanKhuzestan
0%
Peshawar, Mardan, MingawaraKhyber Pakhtunkhwa
0%
Bila Tserkva, Brovary, BoryspilKiev
0%
Manéah, Dubréka, KindiaKindia
0%
Kropyvnytskyi, Oleksandriia, SvitlovodskKirovohrad
0%
Durban, Pietermaritzburg, NewcastleKwaZulu-Natal
0%
Trujillo, Huamachuco, ChepénLa Libertad
0%
Logroño, Calahorra, ArnedoLa Rioja
0%
Rome, Latina, Guidonia MontecelioLazio
0%
Türkmenabat, Magdanly, KerkiLebap
0%
Kraków, Tarnów, Nowy SączLesser Poland
0%
Shenyang, Dairen, AnshanLiaoning
0%
Genoa, La Spezia, SavonaLiguria
0%
Polokwane, Thohoyandou, MokopaneLimpopo
0%
Douala, Nkongsamba, ÉdéaLittoral
0%
Moundou, Goré, BenoyeLogone Occidental
0%
Milan, Brescia, MonzaLombardy
0%
New Orleans, Baton Rouge, ShreveportLouisiana
0%
Sankt Pölten, Wiener Neustadt, KlosterneuburgLower Austria
0%
Wrocław, Wałbrzych, LegnicaLower Silesia
0%
Thessaloniki, Kalamaria, EvosmosMacedonia and Thrace
0%
Funchal, Câmara de Lobos, MachicoMadeira
0%
Indore, Bhopal, GwaliorMadhya Pradesh
0%
Madrid, Móstoles, Alcalá de HenaresMadrid
0%
Mumbai, Pune, NagpurMaharashtra
0%
Imphal, Thoubal, KakchingManipur
0%
Winnipeg, Brandon, SteinbachManitoba
0%
Matola, Manhiça, BoaneMaputo
0%
São Luís, Imperatriz, TimonMaranhão
0%
Lomé, Tsévié, AnéhoMaritime
0%
Baltimore, Frederick, GaithersburgMaryland
0%
Warsaw, Radom, PłockMasovia
0%
Boston, Worcester, SpringfieldMassachusetts
0%
Bulawayo, Victoria Falls, HwangeMatabeleland North
0%
Cuiabá, Várzea Grande, RondonópolisMato Grosso
0%
Campo Grande, Dourados, Três LagoasMato Grosso do Sul
0%
Mamoudzou, Koungou, DzaoudziMayotte
0%
Jeddah, Mecca, TaifMecca
0%
Rostock, Schwerin, NeubrandenburgMecklenburg-Vorpommern
0%
Ecatepec, Nezahualcóyotl, NaucalpanMéxico
0%
Morelia, Uruapan, ZamoraMichoacán
0%
Aarhus, Randers, HorsensMidtjylland
0%
Belo Horizonte, Uberlândia, ContagemMinas Gerais
0%
Minneapolis, Saint Paul, RochesterMinnesota
0%
Barysaw, Soligorsk, MaladzyechnaMinsk
0%
Jackson, Gulfport, SouthavenMississippi
0%
Kansas City, Saint Louis, SpringfieldMissouri
0%
Sendai, Ishinomaki, OsakiMiyagi
0%
Aizawl, Lunglei, ChamphaiMizoram
0%
Campobasso, Termoli, IserniaMolise
0%
Billings, Missoula, Great FallsMontana
0%
Brades, Cork Hill, SalemMontserrat
0%
Ostrava, Havířov, OpavaMoravia-Silesia
0%
Cuernavaca, Jiutepec, CuautlaMorelos
0%
Lae, Bulolo, WauMorobe
0%
Witbank, Middelburg, EmbalenhleMpumalanga
0%
Murcia, Cartagena, LorcaMurcia
0%
Seeb, Bawshar, MuttrahMuscat
0%
Quezon City, Manila, CaloocanNational Capital Region
0%
Pamplona, Tudela, Valle de EgüésNavarre
0%
Tepic, Xalisco, San VicenteNayarit
0%
Omaha, Lincoln, BellevueNebraska
0%
Las Vegas, Henderson, RenoNevada
0%
Moncton, Fredericton, Saint JohnNew Brunswick
0%
Saint John's, Corner Brook, WindsorNewfoundland and Labrador
0%
Manchester, Nashua, ConcordNew Hampshire
0%
Newark, Jersey City, PatersonNew Jersey
0%
Albuquerque, Las Cruces, Rio RanchoNew Mexico
0%
Sydney, Newcastle, Central CoastNew South Wales
0%
New York City, Buffalo, YonkersNew York
0%
Mosul, Tal Afar, Al ShamalNineveh
0%
Yinchuan, Shizuishan, WuzhongNingxia
0%
Niš, Aleksinac, SvrljigNišava
0%
Alofi, Hakupu, AvateleNiue
0%
Aalborg, Hjørring, NørresundbyNordjylland
0%
Le Havre, Rouen, CaenNormandy
0%
Eindhoven, Tilburg, Den BoschNorth Brabant
0%
Charlotte, Raleigh, GreensboroNorth Carolina
0%
Fargo, Bismarck, Grand ForksNorth Dakota
0%
Nazareth, Nahariya, AfulaNorthern
0%
Kimberley, Upington, PostmasburgNorthern Cape
0%
Belfast, Derry, CraigavonNorthern Ireland
0%
Saipan, San Jose, Pagan VillageNorthern Mariana Islands
0%
Darwin, Alice Springs, KatherineNorthern Territory
0%
Chongjin, Rason, KimchaekNorth Hamgyong
0%
Amsterdam, Haarlem, IJmuidenNorth Holland
0%
Oulu, Raahe, YlivieskaNorth Ostrobothnia
0%
Cologne, Düsseldorf, DortmundNorth Rhine-Westphalia
0%
El Arish, Rafah, Sheikh ZuweidNorth Sinai
0%
Medan, Binjai, PematangsiantarNorth Sumatra
0%
Rustenburg, Klerksdorp, PotchefstroomNorth West
0%
Yellowknife, Inuvik, Hay RiverNorthwest Territories
0%
Bordeaux, Limoges, PoitiersNouvelle-Aquitaine
0%
Halifax, Sydney, TruroNova Scotia
0%
Veliky Novgorod, Borovichi, Staraya RussaNovgorod
0%
Monterrey, Guadalupe, Ciudad ApodacaNuevo León
0%
Iqaluit, Arviat, Rankin InletNunavut
0%
Oaxaca, Bautista Tuxtepec, JuchitánOaxaca
0%
Toulouse, Montpellier, NîmesOccitanie
0%
Bhubaneswar, Cuttack, RourkelaOdisha
0%
Columbus, Cleveland, CincinnatiOhio
0%
Naha, Okinawa, UrumaOkinawa
0%
Oklahoma City, Tulsa, NormanOklahoma
0%
Bimbo, Yaloké, BossembéléOmbella-M'Poko
0%
Toronto, Ottawa, HamiltonOntario
0%
Portland, Eugene, SalemOregon
0%
Oujda, Nador, BerkaneOriental
0%
Adama, Jimma, ShashamaneOromia
0%
Linköping, Norrköping, ÖstersundÖstergötland
0%
Dunedin, Queenstown, MosgielOtago
0%
Porto-Novo, Ekpé, Akpro-MissérétéOuémé
0%
Port-au-Prince, Carrefour, DelmasOuest
0%
Ibadan, Ogbomosho, OyoOyo
0%
Belém, Ananindeua, MarabáPará
0%
João Pessoa, Campina Grande, Santa RitaParaíba
0%
Patras, Kalamata, AgrinioPeloponnese, Western Greece
and the Ionian
0%
Ipoh, Taiping, Teluk IntanPerak
0%
Recife, Jaboatão dos Guararapes, OlindaPernambuco
0%
Teresina, Parnaíba, PicosPiauí
0%
Quito, Sangolquí, CayambePichincha
0%
Turin, Novara, AlessandriaPiedmont
0%
Tampere, Nokia, YlöjärviPirkanmaa
0%
Gdańsk, Gdynia, SłupskPomerania
0%
Ploiești, Câmpina, BăicoiPrahova
0%
Rijeka, Kastav, CrikvenicaPrimorje-Gorski Kotar
0%
Vladivostok, Ussuriysk, NakhodkaPrimorsky
0%
Charlottetown, Summerside, MontaguePrince Edward Island
0%
Marseille, Nice, ToulonProvence-Alpes-Côte d'Azur
0%
Ozhukarai, Pondicherry, KaraikalPuducherry
0%
Puebla, Tehuacán, CholulaPuebla
0%
San Juan, Bayamón, CarolinaPuerto Rico
0%
Lahore, Faisalabad, RawalpindiPunjab
0%
Ludhiana, Amritsar, JalandharPunjab
0%
Xining, Datong, GolmudQinghai
0%
Montreal, Quebec City, SherbrookeQuebec
0%
Brisbane, Gold Coast, Sunshine CoastQueensland
0%
Cancun, Playa del Carmen, ChetumalQuintana Roo
0%
Jaipur, Jodhpur, KotaRajasthan
0%
Mashhad, Nishapur, SabzevarRazavi Khorasan
0%
Hurghada, Safaga, El QoseirRed Sea
0%
Port Sudan, Suakin, TokarRed Sea
0%
Banja Luka, Bijeljina, PrijedorRepublika Srpska
0%
Saint-Denis, Saint-Paul, Saint-PierreRéunion
0%
Mainz, Ludwigshafen, KoblenzRhineland-Palatinate
0%
Providence, Cranston, WarwickRhode Island
0%
Rio de Janeiro, São Gonçalo, Duque de CaxiasRio de Janeiro
0%
Natal, Mossoró, ParnamirimRio Grande do Norte
0%
Port Harcourt, Buguma, OkrikaRivers
0%
Stavanger, Haugesund, BryneRogaland
0%
Porto Velho, Ji-Paraná, VilhenaRondônia
0%
Boa Vista, Rorainópolis, CaracaraíRoraima
0%
Saarbrücken, Neunkirchen, HomburgSaarland
0%
Basseterre, Fig Tree, Market ShopSaint Kitts
0%
Yakutsk, Neryungri, MirnySakha
0%
Yuzhno-Sakhalinsk, Korsakov, KholmskSakhalin
0%
San Luis Potosí, Graciano Sánchez, Ciudad VallesSan Luis Potosí
0%
Joinville, Florianópolis, BlumenauSanta Catarina
0%
Rosario, Santa Fe, RafaelaSanta Fe
0%
São Paulo, Guarulhos, CampinasSão Paulo
0%
Kuching, Miri, SibuSarawak
0%
Cagliari, Sassari, Quartu Sant'ElenaSardinia
0%
Saskatoon, Regina, Prince AlbertSaskatchewan
0%
Leipzig, Dresden, ChemnitzSaxony
0%
Halle, Magdeburg, Dessau-RoßlauSaxony-Anhalt
0%
Kiel, Lübeck, FlensburgSchleswig-Holstein
0%
Glasgow, Edinburgh, AberdeenScotland
0%
Klang, Ampang Jaya, Subang JayaSelangor
0%
Aracaju, Nossa Senhora do Socorro, São CristóvãoSergipe
0%
Xi'an, Baoji, XianyangShaanxi
0%
Qingdao, Jinan, ZiboShandong
0%
Taiyuan, Datong, ChangzhiShanxi
0%
Zagazig, 10th of Ramadan, BilbeisSharqia
0%
Gyumri, Artik, MaralikShirak
0%
Chengdu, Mianyang, NanchongSichuan
0%
Palermo, Catania, MessinaSicily
0%
Gangtok, Namchi, RangpoSikkim
0%
Karachi, Hyderabad, SukkurSindh
0%
Cul de Sac, Lower Prince's Quarter, KoolbaaiSint Maarten
0%
Malmö, Helsingborg, LundSkåne
0%
Hermosillo, Ciudad Obregón, NogalesSonora
0%
Adelaide, Gawler, Mount GamblerSouth Australia
0%
Novi Sad, Bačka Palanka, VrbasSouth Bačka
0%
Charleston, Columbia, North CharlestonSouth Carolina
0%
Sioux Falls, Rapid City, AberdeenSouth Dakota
0%
Blantyre, Zomba, MangochiSouthern
0%
Ashdod, Beersheba, AshkelonSouthern
0%
Changwon, Gimhae, JinjuSouth Gyeongsang
0%
Hamhung, Tanchon, SinpoSouth Hamgyong
0%
Rotterdam, The Hague, LeidenSouth Holland
0%
Brno, Znojmo, KroměřížSouth Moravia
0%
Makassar, Parepare, PalopoSouth Sulawesi
0%
Palembang, Lubuklinggau, PrabumulihSouth Sumatra
0%
Turku, Salo, KaarinaSouthwest Finland
0%
Split, Solin, MakarskaSplit-Dalmatia
0%
Graz, Leoben, KapfenbergStyria
0%
Khujand, Istarawshan, KonibodomSughd
0%
Kragujevac, Aranđelovac, LapovoŠumadija
0%
Yekaterinburg, Nizhny Tagil, Kamensk-UralskySverdlovsk
0%
Odense, Esbjerg, KoldingSyddanmark
0%
Villahermosa, Cárdenas, ComalcalcoTabasco
0%
Reynosa, Matamoros, Nuevo LaredoTamaulipas
0%
Chennai, Coimbatore, MaduraiTamil Nadu
0%
Hobart, Launceston, DevonportTasmania
0%
Kazan, Naberezhnye Chelny, NizhnekamskTatarstan
0%
Hyderabad, Warangal, NizamabadTelangana
0%
Nashville, Memphis, KnoxvilleTennessee
0%
Houston, San Antonio, DallasTexas
0%
Erfurt, Jena, GeraThuringia
0%
Lhasa, Shigatse, NyingchiTibet
0%
Lugano, Bellinzona, LocarnoTicino
0%
Timișoara, Lugoj, Sânnicolau MareTimiș
0%
Vicente Guerrero, Huamantla, ChiautempanTlaxcala
0%
Palmas, Araguaína, GurupiTocantins
0%
Alafu, Nukunonu, FakaofoTokelau
0%
Trento, Bolzano, MeranoTrentino-South Tyrol
0%
Agartala, Dharmanagar, UdaipurTripura
0%
Trondheim, Stjørdalshalsen, SteinkjerTrøndelag
0%
Kisangani, Basoko, YangambiTshopo
0%
Florence, Prato, LivornoTuscany
0%
Innsbruck, Kufstein, TelfsTyrol
0%
Izhevsk, Votkinsk, SarapulUdmurtia
0%
Perugia, Terni, FolignoUmbria
0%
Linz, Wels, SteyrUpper Austria
0%
Saint Croix, Charlotte Amalie, Cruz BayU.S. Virgin Islands
0%
Salt Lake City, West Valley City, West JordanUtah
0%
Dehradun, Haridwar, HaldwaniUttarakhand
0%
Helsinki, Espoo, VantaaUusimaa
0%
Sion, Martigny, MontheyValais
0%
Valencia, Alicante, ElcheValencia
0%
Cali, Palmira, BuenaventuraValle del Cauca
0%
Umeå, Skellefteå, LyckseleVästerbotten
0%
Gothenburg, Borås, MölndalVästra Götaland
0%
Lausanne, Yverdon-les-Bains, MontreuxVaud
0%
Verona, Venice, PaduaVeneto
0%
Burlington, South Burlington, RutlandVermont
0%
Bergen, Askøy, LeirvikVestland
0%
Melbourne, Geelong, BallaratVictoria
0%
Fredrikstad, Drammen, MossViken
0%
Virginia Beach, Chesapeake, NorfolkVirginia
0%
Lutsk, Kovel, NovovolynskVolyn
0%
Hamilton, Taupō, CambridgeWaikato
0%
Cardiff, Swansea, NewportWales
0%
Mata-Utu, Liku, AleleWallis and Futuna
0%
Charleroi, Liège, NamurWallonia
0%
Seattle, Spokane, TacomaWashington
0%
Kolkata, Howrah, DurgapurWest Bengal
0%
Colombo, Kaduwela, MaharagamaWestern
0%
Perth, Bunbury, GeraldtonWestern Australia
0%
Cape Town, Paarl, Somerset WestWestern Cape
0%
Charleston, Huntington, MorgantownWest Virginia
0%
Milwaukee, Madison, Green BayWisconsin
0%
Cheyenne, Casper, GiletteWyoming
0%
Ürümqi, Korla, GuljaXinjiang Uyghur
0%
Mérida, Kanasín, ValladolidYucatán
0%
Whitehorse, Dawson City, Watson LakeYukon
0%
Guadalupe, Fresnillo, ZacatecasZacatecas
0%
Hangzhou, Ningbo, WenzhouZhejiang
0%
Maracaibo, Cabimas, Ciudad OjedaZulia
0%

Score Distribution

Percentile by Number Answered

Percent of People with Each Score

Your Score History

You have not taken this quiz